000 00663nam a2200193 i 4500
001 33188
003 ES-MaACL
005 20250822151111.0
007 t|
008 030201s1958 sp ||||1| spa d
100 1 _aBérence, Fred.
_927872
245 1 3 _aEl Renacimiento Italiano /
_cFred Bérence ; traducción por Manuel P. del Río-Cossa ; prólogo de Eduardo Aunós.
260 _aMadrid :
_bEdiciones y Publicaciones,
_c1958 (
_fSèz)
300 _aXV, 528 p., 7 lám. ;
_c23 cm.
700 1 _aRío-Cossa, Manuel P. del.
_997319
700 1 _aAunós Pérez, Eduardo,
_d1894-1967
_923920
852 _aES-MaACL
_jC-15810
_bR.43521
999 _c33188
_d33188